[Event "San Francisco TNM Summer op"]
[Site "San Francisco"]
[Date "2013.06.25"]
[Round "5"]
[White "Gaffagan, Steven"]
[Black "Watson, Farid"]
[Result "0-1"]
[WhiteElo "2097"]
[BlackElo "2027"]
[PlyCount "92"]
[EventDate "2013.05.28"]
[EventType "swiss"]
[EventRounds "8"]
[EventCountry "USA"]
[SourceTitle "EXT 2016"]
[Source "ChessBase"]
[SourceDate "2015.10.08"]
[SourceVersion "1"]
[SourceVersionDate "2015.10.08"]
[SourceQuality "1"]

1. d4 Nf6 2. c4 e6 3. Nf3 Bb4+ 4. Bd2 Qe7 5. g3 Nc6 6. Nc3 Bxc3 7. Bxc3 Ne4 8. Rc1 d6 9. Bg2 0-0 10. d5 Nxc3 11. Rxc3 Nb8 12. 0-0 e5 13. b4 a5 14. a3 axb4 15. axb4 Na6 16. Qb3 Bd7 17. Rfc1 Rfd8 18. h3 h6 19. e3 Rdb8 20. c5 Bb5 21. Nd2 Rd8 22. Nc4 e4 23. cxd6 cxd6 24. Nb6 Rab8 25. h4 f5 26. Nc8 Qe5 27. Na7 Bd3 28. Bf1 Bxf1 29. Kxf1 Rf8 30. Nb5 g5 31. hxg5 hxg5 32. Nd4 Qe8 33. Ke1 Qh5 34. R1c2 Rbe8 35. Ne6 Rf6 36. Rc8 Rff8 37. Qc3 Qh1+ 38. Kd2 Qh6 39. Nxf8 Rxf8 40. Rxf8+ Qxf8 41. Qc8 Nxb4 42. Qe6+ Qf7 43. Rc8+ Kg7 44. Qxf7+ Kxf7 45. Rc7+ Kf6 46. Rxb7 Nxd5 0-1

[Event "San Francisco TNM Spring op"]
[Site "San Francisco"]
[Date "2013.04.30"]
[Round "7"]
[White "Watson, Farid"]
[Black "Tsodikova, Natalia"]
[Result "0-1"]
[WhiteElo "2033"]
[BlackElo "2262"]
[PlyCount "56"]
[EventDate "2013.03.19"]
[EventType "swiss"]
[EventRounds "8"]
[EventCountry "USA"]
[SourceTitle "EXT 2016"]
[Source "ChessBase"]
[SourceDate "2015.10.08"]
[SourceVersion "1"]
[SourceVersionDate "2015.10.08"]
[SourceQuality "1"]

1. e4 c5 2. Nf3 d6 3. d4 cxd4 4. Nxd4 Nf6 5. Nc3 a6 6. Bc4 e6 7. Bb3 Be7 8. Bg5 b5 9. f4 b4 10. Na4 Nxe4 11. Bxe7 Qxe7 12. Qg4 0-0 13. Nb6 Qa7 14. f5 Qxb6 15. Qxe4 Bb7 16. Qd3 e5 17. Ne2 Nd7 18. 0-0-0 Nc5 19. Qg3 Ne4 20. Qh4 Qe3+ 21. Kb1 Qxe2 22. Rde1 Nd2+ 23. Kc1 Nxb3+ 24. axb3 Qb5 25. f6 e4 26. Rhf1 Rfc8 27. g4 Rxc2+ 28. Kxc2 Qd3+ 0-1

[Event "San Francisco TNM Spring op"]
[Site "San Francisco"]
[Date "2013.03.19"]
[Round "1"]
[White "MacIntyre, Brendan"]
[Black "Watson, Farid"]
[Result "0-1"]
[WhiteElo "1655"]
[BlackElo "2033"]
[PlyCount "96"]
[EventDate "2013.03.19"]
[EventType "swiss"]
[EventRounds "8"]
[EventCountry "USA"]
[SourceTitle "EXT 2016"]
[Source "ChessBase"]
[SourceDate "2015.10.08"]
[SourceVersion "1"]
[SourceVersionDate "2015.10.08"]
[SourceQuality "1"]

1. d4 Nf6 2. c4 e6 3. Nc3 Bb4 4. e3 b6 5. Nf3 0-0 6. Bd3 Bb7 7. 0-0 Bxc3 8. bxc3 d6 9. Re1 Qe7 10. e4 e5 11. Bg5 h6 12. Bxf6 Qxf6 13. Rb1 Nc6 14. Bc2 Na5 15. Qe2 Ba6 16. Bd3 c5 17. d5 Kh7 18. Nd2 Bc8 19. Nf1 Bd7 20. f4 Qxf4 21. Ne3 Qg5 22. Rf1 g6 23. Rf2 Kg7 24. Rbf1 h5 25. Rf6 Qxf6 26. Rxf6 Kxf6 27. Qf2+ Ke7 28. Qh4+ f6 29. Qg3 Rg8 30. Be2 Raf8 31. h4 Kd8 32. Qe1 Kc7 33. Qb1 Rg7 34. Qf1 Rgf7 35. Qf2 f5 36. exf5 gxf5 37. Bxh5 Rg7 38. Be2 f4 39. g4 Rfg8 40. Nf1 Bxg4 41. Kh2 Nb7 42. Nd2 Bxe2 43. Qxe2 Rg4 44. Kh3 Rg3+ 45. Kh2 Rh8 46. Nf3 Nd8 47. Qd1 e4 48. Qd2 Rxf3 0-1

[Event "San Francisco TNM Winter op"]
[Site "San Francisco"]
[Date "2013.02.05"]
[Round "5"]
[White "Shakhnazarov, Oleg"]
[Black "Watson, Farid"]
[Result "0-1"]
[WhiteElo "2184"]
[BlackElo "2040"]
[PlyCount "86"]
[EventDate "2013.01.08"]
[EventType "swiss"]
[EventRounds "8"]
[EventCountry "USA"]
[SourceTitle "EXT 2016"]
[Source "ChessBase"]
[SourceDate "2015.10.08"]
[SourceVersion "1"]
[SourceVersionDate "2015.10.08"]
[SourceQuality "1"]

1. d4 Nf6 2. Nf3 e6 3. Bf4 b6 4. Nbd2 Bb7 5. h3 c5 6. e3 d6 7. c3 Be7 8. Be2 0-0 9. 0-0 Nbd7 10. a4 Re8 11. Nc4 Ne4 12. a5 Bf8 13. Qc2 cxd4 14. exd4 f5 15. a6 Bd5 16. Ne3 Ndf6 17. c4 Rc8 18. Qd3 Ba8 19. d5 exd5 20. cxd5 g6 21. Rac1 Qd7 22. Qb3 Qf7 23. Bb5 Red8 24. Ng5 Nxg5 25. Bxg5 Rc5 26. Bxf6 Qxf6 27. Bc6 Qf7 28. Rxc5 dxc5 29. Qb5 Bd6 30. Nc4 Qc7 31. Bxa8 Rxa8 32. Re1 Rf8 33. Qc6 Bh2+ 34. Kh1 Qf4 35. Qe6+ Kg7 36. Ne5 Qxf2 37. Nd7 Bg3 38. Nxf8 Qxe1+ 39. Qxe1 Bxe1 40. Ne6+ Kf6 41. Nc7 Bg3 42. Nb5 Bb8 43. Kg1 g5 0-1

[Event "San Francisco TNM Fall op"]
[Site "San Francisco"]
[Date "2012.11.27"]
[Round "7"]
[White "Watson, Farid"]
[Black "Maser, Thomas F"]
[Result "1-0"]
[WhiteElo "2095"]
[BlackElo "1990"]
[PlyCount "95"]
[EventDate "2012.10.16"]
[EventType "swiss"]
[EventRounds "9"]
[EventCountry "USA"]
[SourceTitle "EXT 2014"]
[Source "ChessBase"]
[SourceDate "2013.11.20"]
[SourceVersion "1"]
[SourceVersionDate "2013.11.20"]
[SourceQuality "1"]

1. e4 e5 2. Nf3 Nc6 3. Bb5 a6 4. Ba4 d6 5. 0-0 Bd7 6. c3 Nf6 7. Re1 g6 8. d4 Qe7 9. Nbd2 Bg7 10. d5 Nb8 11. Bc2 0-0 12. b3 Bg4 13. Nf1 Nbd7 14. Bg5 h6 15. Bd2 c5 16. Ne3 Bxf3 17. Qxf3 b5 18. g4 Nh7 19. Kh1 Qf6 20. Qg2 Qh4 21. Rf1 Ng5 22. f3 Nh3 23. Qg3 Qxg3 24. hxg3 Ng5 25. Kg2 Nf6 26. Rh1 Rfc8 27. Bd3 Nd7 28. Rae1 f6 29. Ra1 Nf7 30. a4 b4 31. Nc4 a5 32. Rab1 Rcb8 33. Kf2 Nb6 34. Nxb6 Rxb6 35. cxb4 axb4 36. Bb5 g5 37. Bc6 Ra5 38. Rbc1 Nd8 39. Bb5 Ra7 40. Bxb4 Rxb5 41. axb5 Ra2+ 42. Ke3 Rb2 43. Bc3 Rxb3 44. Rh2 Rxb5 45. Ra2 Bf8 46. Ra8 Nf7 47. Rca1 Kg7 48. R1a7 1-0

[Event "San Francisco TNM Fall op"]
[Site "San Francisco"]
[Date "2012.11.13"]
[Round "5"]
[White "Watson, Farid"]
[Black "Sherwood, Peter"]
[Result "1/2-1/2"]
[WhiteElo "2095"]
[BlackElo "1780"]
[PlyCount "129"]
[EventDate "2012.10.16"]
[EventType "swiss"]
[EventRounds "9"]
[EventCountry "USA"]
[SourceTitle "EXT 2014"]
[Source "ChessBase"]
[SourceDate "2013.11.20"]
[SourceVersion "1"]
[SourceVersionDate "2013.11.20"]
[SourceQuality "1"]

1. e4 c5 2. Nf3 d6 3. d4 cxd4 4. Nxd4 Nf6 5. Nc3 a6 6. Be2 e5 7. Nb3 Be6 8. Bg5 Be7 9. Qd2 Nbd7 10. Rd1 0-0 11. 0-0 Qc7 12. Rfe1 Rfd8 13. Qe3 Rac8 14. h3 b5 15. a3 Nb6 16. Bd3 Bc4 17. Qe2 Bxd3 18. cxd3 Qb7 19. Rc1 Rc7 20. Be3 Rdc8 21. g3 Nbd7 22. Qf3 b4 23. Na5 Qb8 24. axb4 Qxb4 25. Nc4 Nc5 26. Bxc5 Rxc5 27. Qe2 Qb7 28. Ra1 h6 29. Ra2 Ra8 30. Ne3 Qd7 31. Kg2 Bd8 32. Rea1 a5 33. Qd2 Qc8 34. Ra3 Qb7 35. R1a2 Qb4 36. Ra4 Qb7 37. b4 Rcc8 38. bxa5 Qa6 39. Nc4 Rcb8 40. R2a3 Rb7 41. Nb6 Rab8 42. Ncd5 Nxd5 43. Nxd5 Rb2 44. Qe1 Bg5 45. Rb4 R8xb4 46. Nxb4 Qb5 47. a6 Rxb4 48. a7 Ra4 49. Qa1 Rxa7 50. Rxa7 Qxd3 51. Qa4 Qe2 52. Qe8+ Kh7 53. Qxf7 Qxe4+ 54. Kh2 Qg6 55. Qf8 Qf6 56. Qxf6 Bxf6 57. Rd7 Kg6 58. Rxd6 Kf7 59. Kg2 Ke7 60. Ra6 Kf7 61. Kf3 Kg6 62. Ke4 Kg5 63. Ra5 Kg6 64. Rxe5 Bxe5 65. Kxe5 1/2-1/2

[Event "San Francisco TNM Fall op"]
[Site "San Francisco"]
[Date "2012.10.30"]
[Round "3"]
[White "Winslow, Elliott C"]
[Black "Watson, Farid"]
[Result "1-0"]
[WhiteElo "2293"]
[BlackElo "2095"]
[PlyCount "81"]
[EventDate "2012.10.16"]
[EventType "swiss"]
[EventRounds "9"]
[EventCountry "USA"]
[SourceTitle "EXT 2014"]
[Source "ChessBase"]
[SourceDate "2013.11.20"]
[SourceVersion "1"]
[SourceVersionDate "2013.11.20"]
[SourceQuality "1"]

1. d4 Nf6 2. c4 e6 3. Nf3 Bb4+ 4. Nbd2 0-0 5. a3 Be7 6. e4 d5 7. e5 Ne4 8. Qc2 f5 9. exf6 Bxf6 10. Nxe4 dxe4 11. Qxe4 c5 12. Bd3 g6 13. dxc5 Nd7 14. Be3 Bxb2 15. Ra2 Bc3+ 16. Ke2 Nf6 17. Qh4 Nh5 18. Qxd8 Rxd8 19. g4 Nf6 20. Rc1 Ba5 21. h3 Bd7 22. Rb2 Bc6 23. Ne5 Bg2 24. Rg1 Bc3 25. Rb3 Bxe5 26. Rxg2 Rd7 27. Rg1 Rad8 28. Rgb1 Bd4 29. g5 Nh5 30. Rxb7 e5 31. c6 Rxb7 32. cxb7 Rb8 33. c5 Nf4+ 34. Bxf4 exf4 35. c6 Be5 36. Rb5 Bc7 37. Rd5 Re8+ 38. Kf3 Kf7 39. Rd7+ Re7 40. Bc4+ Kf8 41. Rxc7 1-0

[Event "San Francisco TNM Summer op"]
[Site "San Francisco"]
[Date "2012.05.22"]
[Round "1"]
[White "Watson, Farid"]
[Black "Campers, William"]
[Result "1-0"]
[WhiteElo "2046"]
[BlackElo "1660"]
[PlyCount "85"]
[EventDate "2012.05.22"]
[EventType "swiss"]
[EventRounds "8"]
[EventCountry "USA"]
[SourceTitle "EXT 2014"]
[Source "ChessBase"]
[SourceDate "2013.11.20"]
[SourceVersion "1"]
[SourceVersionDate "2013.11.20"]
[SourceQuality "1"]

1. e4 e6 2. d4 d5 3. Nc3 Nf6 4. e5 Nfd7 5. f4 Be7 6. Nf3 c5 7. Be3 Nc6 8. Qd2 cxd4 9. Nxd4 0-0 10. 0-0-0 a6 11. h4 Bb4 12. a3 Ba5 13. Rh3 Nc5 14. Nxc6 bxc6 15. Bxc5 Re8 16. Qd4 Rb8 17. g4 Bb6 18. Na4 Bxc5 19. Nxc5 Rb6 20. g5 Qc7 21. Rb3 Rxb3 22. Nxb3 a5 23. Qc5 a4 24. Nd4 Bd7 25. Bb5 Qa5 26. Qd6 Rd8 27. Bxc6 Be8 28. Qb4 Qa7 29. Bxe8 Rxe8 30. Nc6 Qe3+ 31. Kb1 g6 32. Qxa4 Kg7 33. Qd4 Qe2 34. Qd3 Qh2 35. Qf3 Rc8 36. Nd4 Rc5 37. b3 Rc8 38. h5 Ra8 39. a4 Rb8 40. hxg6 hxg6 41. Rh1 Qd2 42. Qh3 Rg8 43. Qh6# 1-0

[Event "San Francisco TNM Spring op"]
[Site "San Francisco"]
[Date "2012.04.17"]
[Round "6"]
[White "Melville, Cailen"]
[Black "Watson, Farid"]
[Result "0-1"]
[WhiteElo "1757"]
[BlackElo "2025"]
[PlyCount "94"]
[EventDate "2012.03.13"]
[EventType "swiss"]
[EventRounds "8"]
[EventCountry "USA"]
[SourceTitle "EXT 2014"]
[Source "ChessBase"]
[SourceDate "2013.11.20"]
[SourceVersion "1"]
[SourceVersionDate "2013.11.20"]
[SourceQuality "1"]

1. d4 Nf6 2. c4 e6 3. Nc3 Bb4 4. f3 c5 5. d5 Bxc3+ 6. bxc3 d6 7. e4 0-0 8. Bd3 Qe7 9. Bg5 h6 10. Bxf6 Qxf6 11. Ne2 Nd7 12. f4 exd5 13. cxd5 c4 14. Bxc4 Nc5 15. e5 dxe5 16. 0-0 Bg4 17. g3 Bh3 18. Rf3 Bg4 19. Re3 exf4 20. gxf4 Rfe8 21. Qd2 Ne4 22. Qd4 Bxe2 23. Qxf6 Nxf6 24. Rxe2 Rxe2 25. Bxe2 Nxd5 26. Bf3 Nxf4 27. Rd1 Rc8 28. Bxb7 Rxc3 29. Rd2 Ra3 30. Rd8+ Kh7 31. Rf8 Kg6 32. Bc6 Ne6 33. Be4+ Kf6 34. Rc8 Rxa2 35. Rc6 a5 36. Bc2 Ke5 37. Bh7 a4 38. Bg8 Ng5 39. h4 Nh3+ 40. Kh1 Rf2 41. Bh7 Rf4 42. h5 Ng5 43. Bd3 Rf2 44. Bc2 Nf3 45. Rc5+ Kd4 46. Rc4+ Kxc4 47. Bd3+ Kc3 0-1

[Event "San Francisco TNM Spring op"]
[Site "San Francisco"]
[Date "2012.03.20"]
[Round "2"]
[White "Royzen, Igor"]
[Black "Watson, Farid"]
[Result "1/2-1/2"]
[WhiteElo "1849"]
[BlackElo "2025"]
[PlyCount "116"]
[EventDate "2012.03.13"]
[EventType "swiss"]
[EventRounds "8"]
[EventCountry "USA"]
[SourceTitle "EXT 2014"]
[Source "ChessBase"]
[SourceDate "2013.11.20"]
[SourceVersion "1"]
[SourceVersionDate "2013.11.20"]
[SourceQuality "1"]

1. d4 g6 2. Nf3 Bg7 3. Bf4 d6 4. e3 Nf6 5. h3 0-0 6. Be2 c5 7. c3 a6 8. 0-0 Nbd7 9. Nbd2 b5 10. Ne1 Bb7 11. Bf3 Qb6 12. Bxb7 Qxb7 13. Qf3 Qxf3 14. Nexf3 Rac8 15. Rac1 Nd5 16. Bg3 N5b6 17. Bf4 Na4 18. Rb1 h6 19. Rfc1 Nab6 20. Re1 e5 21. Bg3 f5 22. dxe5 dxe5 23. e4 f4 24. Bh2 c4 25. Red1 Nc5 26. Ne1 Rfd8 27. f3 Rd7 28. Kf1 Rcd8 29. Ke2 Nba4 30. Bg1 Bf8 31. Bf2 Kf7 32. Bh4 g5 33. Bf2 Be7 34. Bg1 Kg6 35. Bf2 h5 36. Bg1 Ne6 37. Nc2 a5 38. Bf2 Bc5 39. Bxc5 Nexc5 40. Ne1 Nd3 41. Nxd3 Rxd3 42. Ke1 Kf6 43. Ke2 Ke6 44. Ke1 R8d6 45. Ke2 Kd7 46. Ke1 Kc6 47. Ke2 Kc5 48. Ke1 b4 49. cxb4+ axb4 50. Ke2 Kb5 51. Nxc4 Rxd1 52. Rxd1 Rxd1 53. Kxd1 Kxc4 54. b3+ Kb5 55. bxa4+ Kxa4 56. Kc2 Ka3 57. Kb1 b3 58. axb3 Kxb3 1/2-1/2

[Event "San Francisco TNM Fall op"]
[Site "San Francisco"]
[Date "2011.11.22"]
[Round "6"]
[White "Krasnov, Steven Lender"]
[Black "Watson, Farid"]
[Result "1-0"]
[WhiteElo "1974"]
[BlackElo "2010"]
[PlyCount "101"]
[EventDate "2011.10.18"]
[EventType "swiss"]
[EventRounds "9"]
[EventCountry "USA"]
[SourceTitle "EXT 2016"]
[Source "ChessBase"]
[SourceDate "2015.10.08"]
[SourceVersion "1"]
[SourceVersionDate "2015.10.08"]
[SourceQuality "1"]

1. d4 g6 2. Nf3 Bg7 3. c4 d6 4. Nc3 Nf6 5. Bg5 0-0 6. Qd2 Bg4 7. h3 Bf5 8. d5 c6 9. Nd4 Bd7 10. e4 Qa5 11. Be3 Na6 12. a3 Rae8 13. Be2 e6 14. dxc6 bxc6 15. b4 Qc7 16. 0-0 Nb8 17. Rfd1 Rd8 18. Rac1 e5 19. Nb3 Be6 20. Bg5 Rd7 21. Qe3 Ne8 22. Nd5 Bxd5 23. cxd5 f5 24. dxc6 Re7 25. Bxe7 Qxe7 26. c7 Nxc7 27. Qxa7 Nd5 28. Qxe7 Nxe7 29. exf5 Nxf5 30. g4 Nd4 31. Nxd4 exd4 32. b5 Nd7 33. a4 Re8 34. Bf3 Be5 35. Bd5+ Kg7 36. Rc7 Re7 37. Kg2 Kf8 38. a5 Nf6 39. Rc8+ Re8 40. Bb7 Rxc8 41. Bxc8 Nd5 42. b6 d3 43. Kf3 Nf4 44. Ba6 Nxh3 45. Bxd3 Ng5+ 46. Ke3 Ne6 47. Bc4 Nc5 48. a6 Nd7 49. Rb1 d5 50. Bxd5 Bd6 51. a7 1-0

[Event "San Francisco TNM Fall op"]
[Site "San Francisco"]
[Date "2011.11.15"]
[Round "5"]
[White "Watson, Farid"]
[Black "Woebcke, Carl"]
[Result "1-0"]
[WhiteElo "2010"]
[BlackElo "1832"]
[PlyCount "43"]
[EventDate "2011.10.18"]
[EventType "swiss"]
[EventRounds "9"]
[EventCountry "USA"]
[SourceTitle "EXT 2016"]
[Source "ChessBase"]
[SourceDate "2015.10.08"]
[SourceVersion "1"]
[SourceVersionDate "2015.10.08"]
[SourceQuality "1"]

1. e4 c5 2. Nf3 d6 3. d4 cxd4 4. Nxd4 Nf6 5. Nc3 a6 6. Be3 e5 7. Nb3 Be6 8. Be2 Nbd7 9. g4 h6 10. Rg1 Nb6 11. Qd2 Rc8 12. f3 Nc4 13. Bxc4 Bxc4 14. 0-0-0 Bxb3 15. axb3 Qa5 16. Kb1 Be7 17. g5 hxg5 18. Bxg5 Rc6 19. h4 Kd7 20. f4 Kc7 21. Bxf6 Rxc3 22. Bxe7 1-0